ბათუმის შოთა რუსთაველის სახელმწიფო უნივერსიტეტის ბიბლიოთეკა

აწმყო შობილი წარსულისაგან = The present born from the past / (ბიბ.ჩანაწერი № 60284)

000 -ლიდერი
ფიქსირებული სიგრძის საკონტროლო ველი 01216nam a22002297a 4500
003 - საკონტროლო ნომრის იდენტიფიკატორი
საკონტროლო ველი Ge_BSU
005 - ბოლო ოპერაციის თარიღი და დრო
საკონტროლო ველი 20230626111301.0
008 - ფიქსირებული სიგრძის მონაცემთა ელემენტები - ზოგადი ინფორმაცია
ფიქსირებული სიგრძის საკონტროლო ველი 230626s1997 ge ||||| |||| 00| 0 geo d
041 ## - ენის კოდი
Language code of text/sound track or separate title geo
080 ## - უნივერსალური ათობითი კლასიფიკაციის ინდექსი
Universal Decimal Classification number 821.353.1-1+94(479.22) ზ-97
100 ## - მთავარი ჩანაწერი - პიროვნების სახელი
Personal name ზურაშვილი, ვალერი
9 (RLIN) 18960
245 ## - ცნობა სათაურის შესახებ
Title აწმყო შობილი წარსულისაგან = The present born from the past /
Statement of responsibility, etc [ავტ. ვალერი ზურაშვილი ; რედ. დავით ლაფაჩიშვილი ; ფოტორედ. ნატალია გონჩაროვა].
250 ## - გამოცემის ცნობა
Edition statement I-ლი საცდელი გამოც.
264 ## - წარმოების, გამოცემის, დისტრიბუციის და სხვა ცნობები
გამოცემის, წარმოების, დისტრიბუციის... ადგილი თბილისი :
გამოცემის, წარმოების, დისტრიბუციის... სახელწოდება შპს "პოლიგრაფსერვისი"
გამოცემის, წარმოების, დისტრიბუციის... თარიღი 1997.
300 ## - ფიზიკური აღწერა
Extent 102გვ. :
Other physical details ილ. ;
Dimensions 30სმ.
653 ## - INDEX TERM--UNCONTROLLED
Uncontrolled term ჭავჭავაძე, ილია
653 ## - INDEX TERM--UNCONTROLLED
Uncontrolled term ჭავჭავაძე, ილია
653 ## - INDEX TERM--UNCONTROLLED
Uncontrolled term კახეთის ისტორია
700 ## - ADDED ENTRY--PERSONAL NAME
Personal name ლაფაჩიშვილი, დავით
Relator term რედაქტორი
9 (RLIN) 18961
700 ## - ADDED ENTRY--PERSONAL NAME
Personal name გონჩაროვა, ნატალია
9 (RLIN) 18962
942 ## - ADDED ENTRY ELEMENTS (KOHA)
Source of classification or shelving scheme
Koha item type წიგნი
ეგზემპლარები
ჩამოწერის სტატუსი დაკარგული ეგზემპლარის სტატუსი კლასიფიკაციის წყარო ან თაროზე გაწყობის სქემა დაზიანების სტატუსი არ გაიცემა მუდმივი მდებარეობა (დაცვის ადგილი) ამჟამინდელი ადგილსამყოფელი თაროზე განთავსების ადგილი შეძენის თარიღი ღირებულება, შესყიდვის ნორმალური ფასი სრული შენახვის შიფრი შტრიხკოდი ბოლო ოპერაციის თარიღი ეგზემპლარის მიმდევრობითი ნომერი (კეტერი?) Uniform Resource Identifier ფასის ძალაში შესვლის თარიღი ეგზემპლარის სახეობა საჯარო შენიშვნა
          ბათუმის შოთა რუსთაველის სახელმწიფო უნივერსიტეტის მთავარი ბიბლიოთეკა ბათუმის შოთა რუსთაველის სახელმწიფო უნივერსიტეტის მთავარი ბიბლიოთეკა წიგნსაცავი 2023-06-26 15.00 821.353.1-1+94(479.22) ზ-97 64795 2023-06-26 64795 ბსუ-ს საპატიო დოქტორის გურამ ლორთქიფანიძის საჩუქარი 2023-06-26 წიგნი 15 ლ.